000
00316nam a2200133Ia 4500
008
231129s1979||||xx |||||||||||||| ||spa||
040
_b
spa
082
_a
Co863 P153a
100
_a
Palacios Eustaquio
245
0
_a
El alferez real
260
_c
1979
264
_a
Colombia Medellín: Bedout
942
_2
ddc
_c
BKS
999
_c
10126
_d
10126